000 00192nam a22000857a 4500
008 161124b xxu||||| |||| 00| 0 eng d
100 _91351
_aTCRS
245 _aNumbers-3,4
260 _aUSA
_bTCR
_c2011
999 _c4065
_d4065